Constitutionalism in East Africa (Record no. 19319)

MARC details
000 -LEADER
fixed length control field 00437nam a22001337a 4500
008 - FIXED-LENGTH DATA ELEMENTS--GENERAL INFORMATION
fixed length control field 220524b |||||||| |||| 00| 0 eng d
020 ## - INTERNATIONAL STANDARD BOOK NUMBER
International Standard Book Number 9970024884
050 ## - LIBRARY OF CONGRESS CALL NUMBER
Classification number KCQ524
Item number .C66 2005
245 ## - TITLE STATEMENT
Title Constitutionalism in East Africa
Remainder of title progress, challenges and prospects in 2003
Statement of responsibility, etc. Edited by Benson Tusasirwe
260 ## - PUBLICATION, DISTRIBUTION, ETC. (IMPRINT)
Place of publication, distribution, etc. Kampala, Uganda
Name of publisher, distributor, etc. Fountain publishers
Date of publication, distribution, etc. 2005
300 ## - PHYSICAL DESCRIPTION
Extent vii, 132p.
650 ## - SUBJECT ADDED ENTRY--TOPICAL TERM
Topical term or geographic name as entry element Constitutional law
942 ## - ADDED ENTRY ELEMENTS (KOHA)
Source of classification or shelving scheme Library of Congress Classification
Koha item type General Collection
Holdings
Withdrawn status Lost status Source of classification or shelving scheme Not for loan Home library Current library Date acquired Total Checkouts Full call number Barcode Date last seen Price effective from Koha item type
    Library of Congress Classification   Kabarak, Main Campus Kabarak, Main Campus 24/05/2022   KCQ524 .C66 2005 c.1 030974 24/05/2022 24/05/2022 General Collection
Designed with assistance from East African Informatics Ltd